The Usborne history of Britain /

Uložené v:
Podrobná bibliografia
Hlavní autori: Brocklehurst, Ruth, Brook, Henry (Author)
Médium: Kniha
Jazyk:English
Vydané: London : Usborne Publishing Ltd., 2008.
Vydanie:1st ed.
Témy:
ISBN: 9780746084441 (viaz.)
Fyzický popis: 512 s. : fotogr., genealog. tab., il., mp., portréty ; 26 cm.
Tagy: Pridať tag
Žiadne tagy, Buďte prvý kto otaguje tento záznam!

MARC

LEADER 00000nam a22000004a 4500
001 000448721
005 20140213103217.0
008 140121s2008 xxkacjoe 001 0 eng d
020 |a 9780746084441 (viaz.) 
040 |a SVKKK  |b slo  |c SVKKK  |e AACR2 
041 0 |a eng 
043 |a e-uk--- 
044 |a xxk  |c GB 
072 7 |a 94(410)  |x Dejiny Anglicka a Veľkej Británie  |2 konspekt 
080 |a 94(410)  |2 2001 
080 |a (031)  |2 2001 
100 1 |a Brocklehurst, Ruth 
245 1 0 |a The Usborne history of Britain /  |c written by Ruth Brocklehurst with Henry Brook ... [et al] ; illustrated by Ian McNee and Giacinto Gaudenzi. 
246 3 3 |a History of Britain 
250 |a 1st ed. 
260 |a London :  |b Usborne Publishing Ltd.,  |c 2008. 
300 |a 512 s. :  |b fotogr., genealog. tab., il., mp., portréty ;  |c 26 cm. 
500 |a Slovník 
500 |a Il. na rozlož. titul. strane 
504 |a Register: s. 500-509 
651 7 |a Veľká Británia  |x dejiny  |2 SVKKKPH 
655 7 |a encyklopédie  |2 SVKKKPH 
700 1 |a Brook, Henry  |4 aut 
910 |a svkkk 
919 |a 978-0-7460-8444-1 
998 |a BK 
090 |g SCKUS  |k Americké centrum  |a V.231359  |j 1052381  |i 2720270854  |s Voľný výber